Responses for Show #6319 - Thursday, February 23, 2012

2012-A Teachers Tournament semifinal game 2.

Contestants

[<< previous game]

Leslie Decker, a high school German and ESL teacher from Austin, Texas

Brooks Humphreys, a high school social studies teacher from Omaha, Nebraska

Nate Rice, a high school ACT prep teacher from Catlettsburg, Kentucky

[next game >>]

Jeopardy! Round responses

OTHER WONDERS OF THE WORLD
FRENCH 101
POTPOURRI
TOYS & GAMES
ROOM SERVICE
COLLEGE MASCOTS
    $200 20
The Great Wall

Nate
    $200 4
cuisine

Leslie
    $200 22
(Brooks: What is awl?)
(Nate: What are the ropes?)

the drill

NateBrooks
Triple Stumper
    $200 12
Don't Break the Ice

Nate
    $200 10
an anteroom

Leslie
    $200 1
Nebraska

Nate
    $400 21
the Colosseum

Brooks
    $400 5
(Leslie: What's a femme fatale?)
(Brooks: What is a waif?)
(Nate: What is a naivete?)

an ingenue

NateBrooksLeslie
Triple Stumper
    $400 23
adoption

Triple Stumper
    $400 13
LeapFrog

Triple Stumper
    $400 25
a solarium

Brooks
    $400 2
(University of) Wisconsin

Nate
    $600 18
a lighthouse

Nate
    $600 6
a cul-de-sac

Leslie
    $600 24
lace

Triple Stumper
    $600 14
Angry Birds

Leslie
    $600 26
a foyer

Leslie
    $600 3
Notre Dame

Leslie
    $800 17
Istanbul

Triple Stumper
    $800 7
a raconteur

Nate
    $800 29
the London Symphony Orchestra

Triple Stumper
    $800 15
Weebles

Nate
    $800 27
(Alex: [*], photography)

a dark room

Brooks
    $800 8
University of Texas

Nate
    $2,400 19
(Nate: I don't know)

the Alhambra

Nate
    $1000 11
corps

Brooks
    $1000 30
(Brooks: What's the University of Pennsylvania?)

Swarthmore College

Brooks
Triple Stumper
    $1000 16
Doug

Triple Stumper
    $1000 28
the ward room

Triple Stumper
    $1000 9
Rutgers University

Nate

Scores at the first commercial break (after clue 15):

Nate Brooks Leslie
$3,800 $600 $1,800

Scores at the end of the Jeopardy! Round:

Nate Brooks Leslie
$2,000 $1,000 $2,400

Double Jeopardy! Round responses

RHYMING MOVIES
LESSER-KNOWN WOMEN
"ICK"Y WORDS
FACTS ABOUT AUTHORS
ENGINEERING
TOOT SWEET
    $400 10
The Cat in the Hat

Leslie
    $400 1
Lincoln

Nate
    $400 11
a flick

Nate
    $400 16
(Jack) Kerouac

Leslie
    $400 26
The Leaning Tower of Pisa

Brooks
    $400 21
the 1812 Overture

Brooks
    $800 8
I Spy

Brooks
    $800 2
Marie Curie

Leslie
    $800 12
breadsticks

Triple Stumper
    $800 17
(Somerset) Maugham

Leslie
    $800 27
the transcontinental railroad

Nate
    $5,000 22
"Stars And Stripes Forever"

Brooks
    $1200 7
Real Steel

Triple Stumper
    $1,700 3
The American Revolution

Leslie
    $1200 13
finicky

Leslie
    $1200 18
Simone de Beauvoir

Brooks
    $1200 29
(Nate: [no answer])

the Holland Tunnel

Nate
Triple Stumper
    $1200 23
Peter and the Wolf

Brooks
    $1600 6
Fright Night

Leslie
    $1600 4
Surgeon General

Nate
    $1600 14
bailiwick

Brooks
    $1600 19
(Samuel) Beckett

Nate
    $1600 30
the Grand Canal

Triple Stumper
    $1600 24
Aida

Brooks
    $2000 9
Hocus Pocus

Nate
    $2000 5
blogger

Nate
    $2000 15
(Harold) Ickes

Brooks
    $2000 20
(Zora Neale) Hurston

Leslie
    $2000 28
the Grand Coulee dam

Brooks
    $2000 25
The Rite of Spring

Brooks

Scores at the end of the Double Jeopardy! Round:

Nate Brooks Leslie
$9,600 $19,200 $11,300

[wagering suggestions for these scores]

Final Jeopardy! Round responses

SINGERS
NateWho is John Denver?
$9,600
LeslieWho is John Denver?
$2,000
BrooksWho is John Denver?
$3,401
John Denver

Final scores:

Nate Brooks Leslie
$19,200 $22,601 $13,300
2nd place: $10,000 Finalist 3rd place: $10,000

Game dynamics:

Coryat scores:

Nate Brooks Leslie
$12,000 $15,000 $10,800
16 R,
4 W
(including 1 DD)
15 R
(including 1 DD),
3 W
14 R
(including 1 DD),
1 W

Combined Coryat: $37,800

[game clues] [game scores] [suggest correction]

Game tape date: 2012-01-24
The J! Archive is created by fans, for fans. Scraping, republication, monetization, and malicious use prohibited; this site may use cookies and collect identifying information. See terms. The Jeopardy! game show and all elements thereof, including but not limited to copyright and trademark thereto, are the property of Jeopardy Productions, Inc. and are protected under law. This website is not affiliated with, sponsored by, or operated by Jeopardy Productions, Inc. Join the discussion at JBoard.tv.